| 000 | 01279cam a2200361 a 4500 | ||
|---|---|---|---|
| 001 | 12278494 | ||
| 003 | OSt | ||
| 005 | 20140310182820.0 | ||
| 008 | 001124s2000 ph 000 0 eng | ||
| 010 | _a 99504361 | ||
| 020 | _a9712709892 (v. 1) | ||
| 020 | _a9712710068 (v. 2) | ||
| 020 | _a9712709884 (v. 3) | ||
| 035 | _a(DLC) 99504361 | ||
| 037 |
_bLibrary of Congress -- Jakarta Overseas Office _cP1,395.00 |
||
| 040 |
_aDLC _cDLC _dDLC |
||
| 042 | _alcode | ||
| 050 | 0 | 0 |
_aPR 9550.5 _b.An516 2000 |
| 245 | 0 | 3 | _aAn anthology of winning works / |
| 246 | 3 | 0 | _aWinning works |
| 260 |
_aPasig City, Philippines : _bPublished and exclusively distributed by Anvil Pub., _c2000. |
||
| 300 |
_a661 p. : _c22 cm. |
||
| 500 | _aAt head of title: Don Carlos Palanca Memorial Awards for Literature. | ||
| 505 | 0 | _a[1] The 1980s one-act play -- [2] The 1980s poetry -- [3] The 1980s short story. | |
| 562 | _eFor circulation. One copy available in the collection | ||
| 650 | 0 | _aPhilippine literature (English) | |
| 710 | 2 | _aCarlos Palanca Memorial Awards. | |
| 906 |
_a7 _bcbc _corigode _d2 _encip _f19 _gy-gencatlg |
||
| 942 |
_2lcc _cBK _kFLIR |
||
| 999 |
_c16379 _d16379 |
||